| 000 | 00755nam a2200169Ia 4500 | ||
|---|---|---|---|
| 999 |
_c54657 _d54657 |
||
| 003 | GCL | ||
| 005 | 20240530105306.0 | ||
| 008 | 140319s9999 xx 000 0 ara d | ||
| 040 |
_aGCL / _cGCL |
||
| 082 | 0 | 4 |
_a237.2 _bج ت |
| 100 | _aالجماعيلى ،تقى الدين ابومحمد عبدالغنى بن عبدالواحد بن على بن سرور الدمشقى | ||
| 245 | 1 | 0 |
_aتيسير العلامه: شرح عمدة الاحكام / _cالجماعيلى ،تقى الدين ابومحمد عبدالغنى بن عبدالواحد بن على بن سرور الدمشقى |
| 260 |
_a[S.N] : _bمؤسسة الخدمات للطباعة |
||
| 650 | 0 | 4 | _aتفسير الحديث |
| 700 | 1 | _aابن صالح ال بسام | |
| 942 |
_2ddc _cBK |
||